BIBLIOTECA

SENCICO

Arte minimalista (Registro nro. 2075)

Detalles MARC
000 -LEADER
fixed length control field 00676nam a2200229Ia 4500
005 - DATE AND TIME OF LATEST TRANSACTION
control field 20251020182531.0
008 - FIXED-LENGTH DATA ELEMENTS--GENERAL INFORMATION
fixed length control field 200515s9999 xx 000 0 und d
020 ## - INTERNATIONAL STANDARD BOOK NUMBER
International Standard Book Number 9.7838228306e+012
082 ## - DEWEY DECIMAL CLASSIFICATION NUMBER
Classification number 72.021.6/M26
100 ## - MAIN ENTRY--PERSONAL NAME
Personal name Marzona, Daniel
245 #0 - TITLE STATEMENT
Title Arte minimalista
260 ## - PUBLICATION, DISTRIBUTION, ETC.
Place of publication, distribution, etc. Barcelona
260 ## - PUBLICATION, DISTRIBUTION, ETC.
Name of publisher, distributor, etc. Taschen
260 ## - PUBLICATION, DISTRIBUTION, ETC.
Date of publication, distribution, etc. 2004
300 ## - PHYSICAL DESCRIPTION
Other physical details il.
500 ## - GENERAL NOTE
General note 1 ejemplar
520 ## - SUMMARY, ETC.
Summary, etc. La disposición geométrica aleatoria de elementos idénticos es característica del arte minimalista que surgió en Estados Unidos como reacción al expresionismo abstracto y al pop art
650 ## - SUBJECT ADDED ENTRY--TOPICAL TERM
Topical term or geographic name entry element MINIMALISMO
942 ## - ADDED ENTRY ELEMENTS (KOHA)
Koha item type Libros
Existencias
Fecha de la última vez que lo usaron Pago total Signatura topográfica completa Código de barras Precio efectivo desde Tipo de documento Estado perdido Estado dañado No es para préstamo Retirado Ubicación permanente Ubicación actual Fecha de adquisición
15/05/2020   72.021.6/M26 Bib-Lima15052075 15/05/2020 Libros         Biblioteca Central Lima Biblioteca Central Lima 15/05/2020